000 00507nam a2200169 a 4500
001 0312
005 20140414131947.0
008 040909s19uu xx 00 eng d
020 _a0-7460-3338-9
050 _aTR 372.7
_bG35 1998
100 _aGibson, Ray
245 _aI can add up /
_cBy Ray Gibson ; illustrated by Amanda Barlow ; edited by Fiona Watt.
260 _aLondon :
_bUsborne Publishing,
_c1998.
300 _a32 p. : ill. ; cm.
650 _aCounting
_xJuvenile literature.
999 _c112699
_d112699